[Event "Airthings Masters - Preliminari"]
[Site "Internet"]
[Date "21.02.2022"]
[Round "10"]
[White "Nepomniachtchi, Ian"]
[Black "Niemann, Hans Moke"]
[Result "1-0"]
[WhiteElo "2773"]
[BlackElo "2642"]
[EventDate "2022.02.19"]

1. e4 e5 2. Nf3 Nc6 3. Bc4 Nf6 4. d3 h6 5. Nc3 d6 6. d4 Bg4 7. Bb5 exd4 8.
Qxd4 Qd7 9. Qa4 Bxf3 10. gxf3 a6 11. Be3 Rd8 12. Bxc6 Qxc6 13. Qb3 Be7 14.
Rg1 g6 15. O-O-O b5 16. Bd4 Rf8 17. Bxf6 Bxf6 18. Nd5 Bh8 19. f4 Qc4 20.
Qxc4 bxc4 21. Nxc7+ Kd7 22. Nxa6 c3 23. b4 Kc6 24. a4 Kb6 25. b5 d5 26.
Rxd5 Rxd5 27. exd5 Ka5 28. Re1 Kxa4 29. Nc7 Rd8 30. b6 Ka5 31. b7 Rb8 32.
Re8 Rxb7 33. d6 Bf6 34. Ra8+ 1-0

[Event "Airthings Masters - Preliminari"]
[Site "Internet"]
[Date "21.02.2022"]
[Round "10"]
[White "Kosteniuk, Alexandra"]
[Black "Keymer, Vincent"]
[Result "0-1"]
[WhiteElo "2516"]
[BlackElo "2664"]
[EventDate "2022.02.19"]

1. e4 c5 2. Nf3 d6 3. Bb5+ Nd7 4. Ba4 Ngf6 5. O-O e6 6. Re1 a6 7. c4 Be7 8.
Nc3 O-O 9. d4 cxd4 10. Nxd4 Ne5 11. Qe2 Qc7 12. Bb3 Re8 13. Kh1 Bd7 14. f4
Nc6 15. Nf3 Rac8 16. e5 Ng4 17. Ng5 Bxg5 18. exd6 Qxd6 19. Ne4 Qc7 20. Nxg5
e5 21. c5 Nh6 22. Qh5 Bg4 23. Qh4 Nd4 24. Nxf7 Nxf7 25. Qxg4 Nxb3 26. axb3
Qxc5 27. f5 Qb6 28. b4 Qf6 29. Qe4 Nd6 30. Qd5+ Kh8 31. Bd2 Rcd8 32. Bc3
Nxf5 33. Qxb7 Re6 34. Rf1 Qg6 35. Rfd1 Rde8 36. Rd7 h6 37. Kg1 Rf6 38. Re1
Nh4 39. Kh1 Ref8 40. Rdd1 Rf2 41. Rg1 Qh5 42. Qe4 Nf3 43. h3 Qxh3+ 44. gxh3
Rh2+ 0-1

[Event "Airthings Masters - Preliminari"]
[Site "Internet"]
[Date "21.02.2022"]
[Round "11"]
[White "Keymer, Vincent"]
[Black "Artemiev, Vladislav"]
[Result "0-1"]
[WhiteElo "2664"]
[BlackElo "2700"]
[EventDate "2022.02.19"]

1. d4 d5 2. c4 c6 3. Nf3 Nf6 4. e3 Bf5 5. Nc3 e6 6. Nh4 Bg6 7. Nxg6 hxg6 8.
Bd2 Nbd7 9. Qb3 Qc7 10. cxd5 exd5 11. O-O-O a5 12. Qc2 Bb4 13. h4 Nf8 14.
f3 Ne6 15. Bd3 c5 16. dxc5 Qxc5 17. Kb1 O-O 18. a3 Rfc8 19. Qb3 Bxc3 20.
Bxc3 Qxe3 21. Rhe1 Qf4 22. Be5 Qxh4 23. Bb5 Qf2 24. Re2 Qb6 25. a4 Nd7 26.
Bg3 Ndc5 27. Qa3 d4 28. Rc2 Rd8 29. Bf2 Qd6 30. Bc4 b6 31. Rcd2 Qe5 32. g4
Qf4 33. Bb5 d3 34. Bxd3 Rd5 35. Be1 Rad8 36. Qc3 Qxf3 37. Bc2 Qxc3 38. bxc3
Rxd2 39. Rxd2 Rxd2 40. Bxd2 Kf8 41. Kc1 Ke7 42. Kd1 Kd6 43. Ke2 Kd5 44. Kf3
g5 45. Bd1 Kc4 46. Ke3 Nf4 47. Kf3 Kd3 48. Be1 Nd7 49. Bb3 Ne5+ 50. Kg3
Ne2+ 51. Kh3 Ke3 0-1

[Event "Airthings Masters - Preliminari"]
[Site "Internet"]
[Date "21.02.2022"]
[Round "11"]
[White "Niemann, Hans Moke"]
[Black "Kosteniuk, Alexandra"]
[Result "1-0"]
[WhiteElo "2642"]
[BlackElo "2516"]
[EventDate "2022.02.19"]

1. d4 Nf6 2. Nc3 d5 3. Bf4 c5 4. e4 Nxe4 5. Nxe4 dxe4 6. dxc5 Qxd1+ 7. Rxd1
Nc6 8. c3 g6 9. Bc4 Bg7 10. Ne2 O-O 11. Ng3 Bg4 12. Rd2 Na5 13. Bd5 e6 14.
Bxe4 e5 15. Bg5 Rfe8 16. Bd5 Be6 17. Ne4 Bxd5 18. Rxd5 Re6 19. Ke2 h6 20.
Bc1 f5 21. Nd6 Rb8 22. Rhd1 Nc6 23. f3 Ne7 24. R5d3 Bf8 25. Be3 Nc6 26. Rd5
Ne7 27. R5d2 Nc6 28. g4 Ne7 29. gxf5 gxf5 30. Rg1+ Kh7 31. Nc4 f4 32. Bf2
e4 33. Rd6 exf3+ 34. Kxf3 Rxd6 35. cxd6 Ng6 36. Bxa7 Ra8 37. Bb6 Rxa2 38.
d7 Be7 39. Re1 Bg5 40. Re8 Ra4 41. b3 Ra2 42. d8=Q Bxd8 43. Rxd8 Rxh2 44.
Bd4 h5 45. Rd7+ Kh6 46. Bg7+ Kg5 47. Rd5+ Kh4 48. Bf6+ 1-0

[Event "Airthings Masters - Preliminari"]
[Site "Internet"]
[Date "21.02.2022"]
[Round "11"]
[White "Praggnanandhaa, Rameshbabu"]
[Black "Nepomniachtchi, Ian"]
[Result "0-1"]
[WhiteElo "2612"]
[BlackElo "2773"]
[EventDate "2022.02.19"]

1. e4 e5 2. Nf3 Nc6 3. Bb5 Nf6 4. d3 Bc5 5. Nbd2 O-O 6. Bxc6 dxc6 7. Nc4
Nd7 8. h4 b5 9. Ne3 Re8 10. h5 Nf8 11. Bd2 a5 12. Nh4 a4 13. Nef5 Bxf5 14.
Nxf5 Ne6 15. Qg4 Kh8 16. Rh3 Bf8 17. Be3 c5 18. Rd1 b4 19. Rg3 b3 20. cxb3
axb3 21. a3 Ra4 22. Bd2 c4 23. Bc3 cxd3 24. Rgxd3 Qf6 25. f3 c5 26. Qg3 Nd4
27. Bxd4 exd4 28. Kf1 g6 29. hxg6 fxg6 30. Qh4 Qxh4 31. Nxh4 Be7 32. g3 c4
33. Rxd4 Bf6 34. R4d2 c3 35. bxc3 Rxa3 36. Rd7 Rb8 37. f4 b2 38. Rb1 Ra1
39. Rdd1 Bxc3 40. Ke2 Rba8 41. Nf3 Rxb1 42. Rxb1 Ra1 43. Nd2 Kg7 44. Kd3
Bxd2 45. Rxb2 Bc1 46. Rb7+ Kh6 47. Ke2 Ra3 48. Rc7 Bb2 49. g4 g5 50. Rc6+
Kg7 51. Rc7+ Kf8 52. fxg5 Kg8 53. Kf2 Bd4+ 54. Kg2 Re3 55. Rd7 Bc5 56. Rc7
Bf8 57. Kf2 Rxe4 58. Kf3 Re5 59. Kg3 Rxg5 60. Kh4 Re5 61. Kh3 Be7 62. Rc4
Kg7 63. Rc3 Kg6 64. Rb3 Kg5 65. Rf3 Kg6 66. Rd3 Re6 67. Kg3 Bd6+ 68. Kh4
Bf4 69. Rf3 Re4 70. Ra3 Rd4 71. Rf3 Bd6 72. Re3 h5 0-1

[Event "Airthings Masters - Preliminari"]
[Site "Internet"]
[Date "21.02.2022"]
[Round "11"]
[White "Le Quang Liem"]
[Black "Esipenko, Andrey"]
[Result "1-0"]
[WhiteElo "2709"]
[BlackElo "2714"]
[EventDate "2022.02.19"]

1. d4 Nf6 2. c4 e6 3. Nf3 d5 4. Nc3 Bb4 5. Bg5 h6 6. Bxf6 Qxf6 7. Qa4+ Nc6
8. e3 O-O 9. Be2 dxc4 10. O-O Bd7 11. Bxc4 Bxc3 12. bxc3 Rfd8 13. Be2 Be8
14. Qa3 Qe7 15. Qb2 Na5 16. Qb4 Qxb4 17. cxb4 Nc6 18. Rab1 a6 19. Rfc1 Rdc8
20. Nd2 Ne7 21. Kf1 Bb5 22. Nb3 c6 23. g3 Nf5 24. Nc5 Nd6 25. a4 Bxe2+ 26.
Kxe2 Rd8 27. g4 Kf8 28. h4 Ke7 29. h5 Rdc8 30. Kf3 Rc7 31. Nd3 Rcc8 32. e4
Rd8 33. Ke3 Rac8 34. f3 Rd7 35. b5 cxb5 36. Rxc8 Nxc8 37. axb5 axb5 38.
Rxb5 Nd6 39. Rb4 b5 40. Nc5 Ra7 41. Kf4 Ra3 42. e5 Nc4 43. Ne4 Rd3 44. Rxb5
Rxd4 45. Rb4 Kd7 46. Rb7+ Ke8 47. Rc7 Nb6 48. Rb7 Nd7 49. Ke3 Rxe4+ 50.
fxe4 Nxe5 51. Kd4 Nxg4 52. Kc5 Kf8 53. Kd6 Kg8 54. Ke7 f5 55. Kxe6 fxe4 56.
Kf5 Nf6 57. Kg6 Kf8 58. Rf7+ Ke8 59. Rxg7 Nd5 60. Kxh6 e3 61. Rg5 Nf6 62.
Kg6 1-0

[Event "Airthings Masters - Preliminari"]
[Site "Internet"]
[Date "21.02.2022"]
[Round "11"]
[White "Ding Liren"]
[Black "Carlsen, Magnus"]
[Result "1/2-1/2"]
[WhiteElo "2799"]
[BlackElo "2865"]
[EventDate "2022.02.19"]

1. d4 Nf6 2. c4 g6 3. g3 c6 4. Bg2 d5 5. Nf3 Bg7 6. cxd5 cxd5 7. Ne5 Ne4 8.
Nd2 Nf6 9. Nb1 Ne4 10. Nd2 Nf6 11. Nb1 1/2-1/2

[Event "Airthings Masters - Preliminari"]
[Site "Internet"]
[Date "21.02.2022"]
[Round "11"]
[White "Duda, Jan-Krzysztof"]
[Black "Giri, Anish"]
[Result "1-0"]
[WhiteElo "2760"]
[BlackElo "2772"]
[EventDate "2022.02.19"]

1. d4 Nf6 2. c4 e6 3. Nf3 d5 4. Nc3 Bb4 5. Qa4+ Nc6 6. a3 Bxc3+ 7. bxc3 Bd7
8. cxd5 exd5 9. Bg5 h6 10. Bxf6 Qxf6 11. e3 O-O 12. Bd3 b6 13. O-O Qd6 14.
Qc2 Rac8 15. c4 dxc4 16. Bxc4 Na5 17. Ba6 Rcd8 18. Qc3 Be6 19. Rac1 c6 20.
Ne5 Bd5 21. Nd3 Rfe8 22. Rfe1 Nb3 23. Rb1 c5 24. Rxb3 cxd4 25. exd4 Bxb3
26. Qxb3 Rxe1+ 27. Nxe1 Qxd4 28. Bf1 Qd1 29. Qe3 Qd2 30. Qe4 Qc1 31. Nc2
Rc8 32. Ne3 Qxa3 33. Nf5 Kh8 34. Nxg7 Qd6 35. Nf5 Qf6 36. g3 a5 37. Ne3 Rd8
38. Bb5 Kg8 39. h4 Kf8 40. Kg2 Qd4 41. Qh7 Qf6 42. Ng4 Qg7 43. Qf5 Qg6 44.
Qf4 Rd5 45. Bc4 Rf5 46. Qb8+ Ke7 47. Qc7+ Kf8 48. Ne5 Qh5 49. g4 Rxf2+ 1-0

[Event "Airthings Masters - Preliminari"]
[Site "Internet"]
[Date "21.02.2022"]
[Round "11"]
[White "Aronian, Levon"]
[Black "Mamedyarov, Shakhriyar"]
[Result "1/2-1/2"]
[WhiteElo "2772"]
[BlackElo "2767"]
[EventDate "2022.02.19"]

1. e4 e5 2. Nf3 Nc6 3. Bc4 Bc5 4. O-O Nf6 5. Re1 Ng4 6. Re2 Nd4 7. Nxd4
Bxd4 8. h3 d5 9. Bxd5 Qh4 10. hxg4 Bxg4 11. Qf1 O-O-O 12. c3 Rd6 13. cxd4
Bxe2 14. Qxe2 Rh6 15. f3 Qh1+ 16. Kf2 Qxc1 17. Qe1 Qxb2 18. Nc3 c6 19. Rb1
Qa3 20. dxe5 Qc5+ 21. Qe3 Qxe3+ 22. Kxe3 cxd5 23. exd5 Rb6 24. Rxb6 axb6
25. f4 Kd7 26. Na4 Kc7 27. d6+ Kc6 28. d4 b5 29. Nc5 Ra8 30. Nd3 g6 31.
Nb4+ Kd7 32. Ke4 Ra4 33. Nd5 Rxa2 34. Nf6+ Kd8 35. d5 Rxg2 36. Ke3 Rg1 37.
Kd2 Rg2+ 38. Kd3 Rg1 39. Kd2 Rg2+ 40. Kd3 Rg1 41. Kd2 1/2-1/2

[Event "Airthings Masters - Preliminari"]
[Site "Internet"]
[Date "21.02.2022"]
[Round "12"]
[White "Artemiev, Vladislav"]
[Black "Mamedyarov, Shakhriyar"]
[Result "1/2-1/2"]
[WhiteTitle ""]
[BlackTitle ""]
[WhiteElo "2700"]
[BlackElo "2767"]
[WhiteFideId "24101605"]
[BlackFideId "13401319"]
[EventDate "2022.02.19"]

1. Nf3 d5 2. g3 g6 3. Bg2 Bg7 4. O-O Nf6 5. c4 c6 6. b3 Ne4 7. d4 O-O 8. Bb2 a5
9. e3 a4 10. Nfd2 Nxd2 11. Qxd2 axb3 12. axb3 Rxa1 13. Bxa1 Be6 14. Qb4 Qd7 15.
Nc3 Na6 16. Qa4 Rd8 17. cxd5 cxd5 18. Qxd7 Rxd7 19. Bb2 f6 20. Ra1 Bf7 21. Bf1
Bf8 22. Ba3 Nb8 23. Bc5 e5 24. Bh3 Rd8 25. Bb6 Re8 26. Ra8 exd4 27. Bxd4 Kg7 28.
Bg2 Nc6 29. Rxe8 Bxe8 30. Bb6 Nb4 31. Nxd5 Bf7 32. Nc3 Bxb3 33. Bxb7 Be6 34. e4
Nd3 35. Bd5 Bd7 36. Bd4 Bd6 37. f4 Bb8 38. Bc4 Nb4 39. Nd5 Nxd5 40. Bxd5 h6 41.
h4 Bc7 42. Kf2 Bd8 43. Kf3 h5 44. Ke3 Kf8 45. Bc5+ Kg7 46. e5 fxe5 47. fxe5 g5
48. Bd4 Kf8 49. e6 Bxe6 50. Bxe6 gxh4 51. gxh4 Bxh4 52. Kf4 Ke7 1/2-1/2

[Event "Airthings Masters - Preliminari"]
[Site "Internet"]
[Date "21.02.2022"]
[Round "12"]
[White "Giri, Anish"]
[Black "Aronian, Levon"]
[Result "1/2-1/2"]
[WhiteTitle ""]
[BlackTitle ""]
[WhiteElo "2772"]
[BlackElo "2772"]
[WhiteFideId "24116068"]
[BlackFideId "13300474"]
[EventDate "2022.02.19"]

1. Nf3 d5 2. g3 c5 3. Bg2 Nc6 4. d4 Nf6 5. O-O e6 6. c4 dxc4 7. Qa4 Bd7 8. Qxc4
b5 9. Qc3 b4 10. Qd3 Rc8 11. dxc5 Bxc5 12. Nbd2 O-O 13. b3 e5 14. Bb2 Qe7 15.
Rac1 e4 16. Bxf6 exd3 17. Bxe7 Bxe7 18. exd3 Rfd8 19. Nc4 Kf8 20. Nfe5 Nxe5 21.
Nxe5 Rxc1 22. Rxc1 Bf6 23. Rc5 Bxe5 24. Rxe5 Rc8 25. f4 Rc2 26. Ra5 Rc1+ 27. Kf2
Rc2+ 28. Kg1 Rc1+ 29. Kf2 Rc2+ 30. Kg1 1/2-1/2

[Event "Airthings Masters - Preliminari"]
[Site "Internet"]
[Date "21.02.2022"]
[Round "12"]
[White "Abdusattorov, Nodirbek"]
[Black "Ding Liren"]
[Result "1/2-1/2"]
[WhiteTitle ""]
[BlackTitle ""]
[WhiteElo "2651"]
[BlackElo "2799"]
[WhiteFideId "14204118"]
[BlackFideId "8603677"]
[EventDate "2022.02.19"]

1. c4 Nf6 2. Nc3 e5 3. Nf3 Nc6 4. e4 Bb4 5. d3 d6 6. a3 Bxc3+ 7. bxc3 O-O 8. g3
Rb8 9. a4 Ne8 10. Nh4 Ne7 11. Bg2 f5 12. exf5 Nxf5 13. Nxf5 Bxf5 14. O-O Qd7 15.
Be3 b6 16. d4 exd4 17. cxd4 Bh3 18. d5 Nf6 19. Bd4 Rbe8 20. a5 Ne4 21. Ra2 Ng5
22. f4 Bg4 23. Qa1 Nh3+ 24. Kh1 Rf7 25. axb6 cxb6 26. Qc3 Rfe7 27. Bf3 h5 28.
Qd3 Bxf3+ 29. Qxf3 Qg4 30. Qxg4 hxg4 31. Rfa1 Re4 32. Rd2 Rc8 33. Rc1 Rce8 34.
Ra1 R8e7 35. Kg2 Kh7 36. Kf1 Kg6 37. Rc1 Kf5 38. Bb2 g5 39. Ba3 Rd7 40. fxg5
Nxg5 41. Rf2+ Nf3 42. Re2 Rh7 43. Rcc2 Rd4 44. Bxd6 Rd1+ 45. Kf2 Nd4 46. Re5+
Kf6 47. Kg2 Nxc2 48. Re6+ Kf5 49. Re5+ Kg6 50. Re6+ Kf7 51. Re7+ Kg8 52. Re8+
Kg7 53. Re7+ Kg6 54. Re6+ Kf5 55. Re5+ Kf6 56. Re6+ Kf5 1/2-1/2

[Event "Airthings Masters - Preliminari"]
[Site "Internet"]
[Date "21.02.2022"]
[Round "12"]
[White "Nepomniachtchi, Ian"]
[Black "Le Quang Liem"]
[Result "1/2-1/2"]
[WhiteTitle ""]
[BlackTitle ""]
[WhiteElo "2773"]
[BlackElo "2709"]
[WhiteFideId "4168119"]
[BlackFideId "12401137"]
[EventDate "2022.02.19"]

1. e4 e5 2. Nf3 Nc6 3. Bc4 Nf6 4. d3 Bc5 5. O-O d6 6. c3 a6 7. a4 Ba7 8. Na3 O-O
9. h3 Ne7 10. Nh4 Kh8 11. Bg5 Ng6 12. Nxg6+ fxg6 13. Nc2 h6 14. Be3 Nh5 15. d4
Qh4 16. Re1 Bd7 17. Qd2 Nf4 18. Bf1 Rae8 19. Kh2 Ne6 20. g3 Qf6 21. Bg2 Qf7 22.
b4 Nf4 23. Bf1 Nh5 24. b5 a5 25. Kg1 Bb6 26. Rad1 Be6 27. dxe5 Bxe3 28. Nxe3 Bb3
29. Rb1 Rxe5 30. c4 Bxa4 31. Ng4 Rg5 32. Re3 Rc5 33. Ra3 Rxc4 34. Bxc4 Qxc4 35.
Qa2 Bxb5 36. Qxc4 Bxc4 37. Rxb7 Re8 38. e5 dxe5 39. Rxa5 Nf6 40. Nxf6 gxf6 41.
Rxc7 Bg8 42. Ra6 Rf8 43. Re7 g5 44. f3 Bh7 45. Kf2 Bf5 46. g4 Bg6 47. Raa7 Rb8
48. Rg7 Rg8 49. Rgc7 Rd8 50. Ra6 Rf8 51. Rb6 Kg8 52. Ke3 Rf7 53. Rcc6 Kg7 54.
Rd6 h5 55. Kf2 h4 56. Ke3 Bh7 57. Kd2 Bg8 58. Kc3 Rf8 59. Kb4 Rf7 60. Rbc6 Bh7
61. Re6 Bg8 62. Kc5 Bh7 63. Kd6 Bd3 64. Rc8 Ba6 65. Rb8 Bf1 66. Ree8 Kg6 67. Re7
Rxe7 68. Kxe7 Bxh3 69. Rb6 Bg2 70. Rxf6+ Kg7 71. Rf7+ Kg6 72. Rf8 Kg7 73. Rf7+
Kg6 74. Kf8 h3 75. Ke7 h2 76. Rf6+ Kg7 77. Rf7+ Kg6 78. Rf6+ Kg7 79. Rf7+ Kg6 1/2-1/2

[Event "Airthings Masters - Preliminari"]
[Site "Internet"]
[Date "21.02.2022"]
[Round "12"]
[White "Kosteniuk, Alexandra"]
[Black "Praggnanandhaa, Rameshbabu"]
[Result "0-1"]
[WhiteTitle ""]
[BlackTitle ""]
[WhiteElo "2516"]
[BlackElo "2612"]
[WhiteFideId "4128125"]
[BlackFideId "25059530"]
[EventDate "2022.02.19"]

1. e4 c5 2. Nf3 Nc6 3. Bb5 g6 4. O-O Bg7 5. c3 Nf6 6. Re1 O-O 7. h3 e5 8. d4
cxd4 9. cxd4 Nxd4 10. Nxd4 Qb6 11. Bc4 Qxd4 12. Qxd4 exd4 13. e5 Ne8 14. Bf4 Nc7
15. Na3 Ne6 16. Bg3 b6 17. Bd5 Rb8 18. Rad1 Bb7 19. Bxb7 Rxb7 20. Nb5 h6 21.
Nxd4 d5 22. Nb5 Rd7 23. f3 Rc8 24. Re2 Rc5 25. Nd6 d4 26. f4 Rd5 27. Rc2 Kh7 28.
b4 g5 29. f5 Nf4 30. Bxf4 gxf4 31. f6 Bf8 32. Re2 Bxd6 33. exd6 R5xd6 34. Re4 f3
35. gxf3 d3 36. Rd2 Kg6 37. Kf2 Kxf6 38. Ke3 Rd5 39. Rc4 Re5+ 40. Kf2 Kf5 41.
Rh4 Kg6 42. Rg4+ Kf6 43. Rf4+ Rf5 44. Rh4 h5 45. Rc4 Rfd5 46. Ke3 Re5+ 47. Kf2
Kg6 48. Rc3 Red5 49. Ke3 Kf5 50. Rc4 Re5+ 51. Kf2 f6 52. Rh4 Kg5 53. Rc4 Re6 54.
h4+ Kf5 55. a3 Re5 56. Rc8 Rd4 57. Rh8 Kf4 58. Rh6 Rd6 59. Rh7 Re3 60. Rxh5
Rxf3+ 61. Kg2 Ke3 62. Rd1 d2 63. Rh7 Ke2 0-1

[Event "Airthings Masters - Preliminari"]
[Site "Internet"]
[Date "21.02.2022"]
[Round "12"]
[White "Keymer, Vincent"]
[Black "Niemann, Hans Moke"]
[Result "1-0"]
[WhiteTitle ""]
[BlackTitle ""]
[WhiteElo "2664"]
[BlackElo "2642"]
[WhiteFideId "12940690"]
[BlackFideId "2093596"]
[EventDate "2022.02.19"]

1. Nf3 Nf6 2. c4 e6 3. Nc3 c5 4. g3 b6 5. Bg2 Bb7 6. d4 cxd4 7. Qxd4 Bc5 8. Qd3
Na6 9. O-O O-O 10. Bf4 d5 11. Rad1 h6 12. Be5 Nb4 13. Qb1 Nd7 14. Bf4 Nf6 15. a3
Na6 16. e4 d4 17. e5 Nd7 18. Nb5 g5 19. Bc1 Bxf3 20. Bxf3 Nxe5 21. Bg2 Nc7 22.
Nxd4 Qf6 23. Nb3 Rad8 24. Nxc5 bxc5 25. Qe4 Qf5 26. Qb7 Rxd1 27. Rxd1 Qc2 28.
Rf1 Ne8 29. Qxa7 Qxc4 30. Bd2 Nd6 31. Qc7 Ne4 32. Bxg5 Nf3+ 33. Bxf3 Nxg5 34.
Bg2 Qd4 35. Qf4 Qxb2 36. h4 Nh7 37. Qxh6 Qd4 38. Re1 Rb8 39. Re4 Qg7 40. Qf4
Rb1+ 41. Kh2 Qf6 42. Qe3 Qg7 43. Qxc5 Nf6 44. Qc8+ Qf8 45. Qxf8+ Kxf8 46. Rf4
Kg7 47. a4 Ra1 48. Bc6 Rc1 49. Bf3 Ra1 50. Kg2 Ra2 51. Rd4 Ra3 52. g4 e5 53. Rc4
e4 54. Bxe4 Nxg4 55. Bc2 Ne5 56. Rc5 Nd7 57. Rb5 Nf8 58. Bb3 Ng6 59. Kg3 f6 60.
Rb7+ Kh6 61. f4 f5 62. h5 Nf8 63. Kh4 Ra1 64. Rb6+ Kg7 65. Kg5 Rh1 66. h6+ Kh8
67. Rb8 Kh7 68. Rxf8 Rh5+ 69. Kf6 1-0

[Event "Airthings Masters - Preliminari"]
[Site "Internet"]
[Date "21.02.2022"]
[Round "13"]
[White "Niemann, Hans Moke"]
[Black "Artemiev, Vladislav"]
[Result "0-1"]
[WhiteElo "2642"]
[BlackElo "2700"]
[EventDate "2022.02.19"]

1. d4 d5 2. Nc3 Nf6 3. Bf4 a6 4. e3 b5 5. h4 h6 6. Nf3 e6 7. Ne5 c5 8. g4
Nfd7 9. Nf3 Nc6 10. Bg2 b4 11. Ne2 a5 12. Ng3 cxd4 13. exd4 Ba6 14. Bf1 Qb6
15. Be2 Bxe2 16. Nxe2 Nf6 17. Rg1 Be7 18. Qd3 a4 19. Be3 Qa6 20. Rc1 Ne4
21. Ng3 a3 22. b3 Nc3 23. Ra1 Qxd3 24. cxd3 Kd7 25. Kd2 Rhc8 26. Ne2 Nxe2
27. Kxe2 Na7 28. Rgc1 Nb5 29. Bd2 Ke8 30. Ke3 Bd6 31. Ne1 g5 32. hxg5 hxg5
33. Nc2 Rxc2 34. Rxc2 Bf4+ 35. Ke2 Nxd4+ 36. Kd1 Nxc2 37. Kxc2 Rc8+ 38. Kd1
Bxd2 39. Kxd2 Ke7 40. Rh1 Kf6 41. Rh6+ Ke5 42. Rh7 Rc7 43. Rh8 Kf4 44. Rb8
Kxg4 45. Rxb4+ Kf3 46. Rb8 g4 47. b4 Kxf2 48. b5 g3 49. b6 Re7 0-1

[Event "Airthings Masters - Preliminari"]
[Site "Internet"]
[Date "21.02.2022"]
[Round "13"]
[White "Le Quang Liem"]
[Black "Kosteniuk, Alexandra"]
[Result "1-0"]
[WhiteElo "2709"]
[BlackElo "2516"]
[EventDate "2022.02.19"]

1. d4 Nf6 2. c4 e6 3. Nf3 d5 4. Nc3 Bb4 5. Qa4+ Nc6 6. a3 Bxc3+ 7. bxc3 h6
8. e3 Bd7 9. Qc2 O-O 10. cxd5 exd5 11. Bd3 Bg4 12. O-O Nd7 13. Nd2 Na5 14.
c4 dxc4 15. Nxc4 Nxc4 16. Bxc4 Nf6 17. Rb1 Rb8 18. Bb2 c6 19. e4 Re8 20.
Rfe1 Be6 21. Bf1 Qa5 22. h3 Nh5 23. Re3 Nf4 24. Rd1 Rbd8 25. Qc1 Ng6 26.
Bd3 Qg5 27. Qc3 Bc8 28. Rg3 Qh5 29. Rf1 Re7 30. Bc2 Kh7 31. d5 Rg8 32. d6
Ree8 33. f4 Qh4 34. e5 Kh8 35. Qe3 Nf8 36. f5 Nh7 37. e6 fxe6 38. f6 Nxf6
39. Rf4 1-0

[Event "Airthings Masters - Preliminari"]
[Site "Internet"]
[Date "21.02.2022"]
[Round "13"]
[White "Ding Liren"]
[Black "Esipenko, Andrey"]
[Result "0-1"]
[WhiteElo "2799"]
[BlackElo "2714"]
[EventDate "2022.02.19"]

1. c4 e5 2. Nc3 Nf6 3. Nf3 Nc6 4. e4 Bb4 5. d3 a6 6. Be2 d6 7. h3 Bc5 8.
O-O O-O 9. Be3 Nd4 10. Qd2 h6 11. Bd1 Nh7 12. Bxd4 exd4 13. Ne2 Qf6 14. Ng3
b5 15. Rc1 bxc4 16. Rxc4 Be6 17. e5 Qe7 18. exd6 cxd6 19. Ra4 Bd7 20. Re1
Qd8 21. Rc4 a5 22. a3 Be6 23. Rc2 Nf6 24. b4 axb4 25. axb4 Bb6 26. Ne4 Nxe4
27. dxe4 Qf6 28. Rc6 Ra2 29. Qd3 Qd8 30. Bb3 Ra3 31. Rb1 Qb8 32. Qb5 Bxb3
33. Rxb6 Qa8 34. Re1 Bc2 35. Nxd4 Bxe4 36. f3 Ra1 37. Qf1 Rxe1 38. Qxe1 Qd8
39. Ra6 Bb7 40. Ra3 Qb6 41. Qe3 Bc8 42. Nc2 Qb8 43. Qd4 Be6 44. Ne3 Rc8 45.
Ra6 Rc1+ 46. Kf2 d5 47. f4 Rb1 48. Rb6 Qc7 49. b5 Qc1 50. Rb8+ Kh7 51. Qd3+
f5 52. Kf3 d4 53. Qxd4 Rb3 54. Kf2 Rb2+ 55. Kf3 Rd2 56. Qe5 Qe1 57. Nxf5
Qf2+ 58. Kg4 Qxg2+ 59. Kh4 g5+ 0-1

[Event "Airthings Masters - Preliminari"]
[Site "Internet"]
[Date "21.02.2022"]
[Round "13"]
[White "Duda, Jan-Krzysztof"]
[Black "Abdusattorov, Nodirbek"]
[Result "1/2-1/2"]
[WhiteElo "2760"]
[BlackElo "2651"]
[EventDate "2022.02.19"]

1. d4 Nf6 2. c4 g6 3. Nc3 d5 4. cxd5 Nxd5 5. e4 Nxc3 6. bxc3 Bg7 7. Bc4 c5
8. Ne2 Nc6 9. Be3 cxd4 10. cxd4 b5 11. Bd5 Bd7 12. Rc1 Rc8 13. O-O O-O 14.
Bxc6 Rxc6 15. Rxc6 Bxc6 16. d5 Bd7 17. Bd4 Qa5 18. Bxg7 Kxg7 19. Qd4+ Kg8
20. Qc5 Qxa2 21. Ng3 Re8 22. h4 h5 23. Qc7 Bg4 24. Qc6 Rb8 25. Qc7 Re8 26.
Qc6 Rb8 27. Qc7 Re8 1/2-1/2

[Event "Airthings Masters - Preliminari"]
[Site "Internet"]
[Date "21.02.2022"]
[Round "13"]
[White "Aronian, Levon"]
[Black "Carlsen, Magnus"]
[Result "1/2-1/2"]
[WhiteElo "2772"]
[BlackElo "2865"]
[EventDate "2022.02.19"]

1. e4 c5 2. Nf3 Nc6 3. Bb5 g6 4. O-O Bg7 5. d3 d6 6. Bxc6+ bxc6 7. e5 dxe5
8. Nc3 Qc7 9. Re1 Bg4 10. h3 Bxf3 11. Qxf3 Rd8 12. b3 Nf6 13. Ba3 Nd5 14.
Na4 Nb4 15. Qe2 e4 16. d4 a5 17. c3 Nd3 18. Bxc5 Nxe1 19. Bb6 Qd7 20. Nc5
Nf3+ 21. gxf3 exf3 22. Nxd7 fxe2 23. Bxd8 Kxd8 24. Nc5 e5 25. dxe5 Bxe5 26.
Re1 Bxc3 27. Rxe2 Kc7 28. Ne4 Bb4 29. Ng5 f6 30. Nf3 Rd8 31. Kg2 Kb6 32. h4
h6 33. Re6 Rd6 34. Re8 g5 35. Rb8+ Kc7 36. Rh8 g4 37. Nh2 f5 38. Rf8 Rd5
39. Rf7+ Kb6 40. Nf1 Bc5 41. h5 f4 42. Rxf4 Rxh5 43. Rxg4 Rg5 44. Rxg5 hxg5
45. Nd2 Kb5 46. f3 Kb4 47. Kf1 Bd6 48. Ke2 Bf4 49. Nc4 a4 50. Kd3 axb3 51.
axb3 Kxb3 52. Na5+ Kb4 53. Nxc6+ Kc5 54. Nd4 Kd5 55. Ne2 Ke5 56. Nxf4 Kxf4
57. Ke2 g4 58. fxg4 Kxg4 1/2-1/2

[Event "Airthings Masters - Preliminari"]
[Site "Internet"]
[Date "21.02.2022"]
[Round "13"]
[White "Mamedyarov, Shakhriyar"]
[Black "Giri, Anish"]
[Result "1-0"]
[WhiteElo "2767"]
[BlackElo "2772"]
[EventDate "2022.02.19"]

1. d4 d5 2. c4 c6 3. Nc3 Nf6 4. e3 e6 5. Nf3 Nbd7 6. Bd3 dxc4 7. Bxc4 b5 8.
Bd3 Bb7 9. e4 b4 10. Na4 c5 11. e5 Nd5 12. O-O cxd4 13. Nxd4 g6 14. f4 Bg7
15. a3 O-O 16. axb4 Nxb4 17. Be2 Qe7 18. Bf3 Nb6 19. Bd2 Nxa4 20. Rxa4 a5
21. Kh1 Rfd8 22. Bxb4 axb4 23. Rxa8 Rxa8 24. Nb5 Rd8 25. Nd6 Ba6 26. Be2
Bb7 27. Bf3 Ba6 28. Rf2 Qa7 29. Rd2 Qe3 30. Rd4 b3 31. h3 h5 32. Ra4 Bd3
33. Qxb3 h4 34. Qb4 Bh6 35. Qd4 Qe1+ 36. Qg1 Qg3 37. Rd4 Bxf4 38. Rxd3 Bxe5
39. Ne4 Rxd3 40. Nxg3 Bxg3 41. Qc1 Rb3 42. Bd1 Rb5 43. Be2 Rb8 44. Qc2 Be5
45. b3 Kg7 46. Kg1 Bg3 47. Kf1 Rd8 48. Qc3+ e5 49. b4 Rd6 50. Bf3 Rf6 51.
Ke2 Rb6 52. Bd5 Rf6 53. Bf3 Rb6 54. Bd5 Rf6 55. b5 Rf2+ 56. Kd3 f5 57. b6
Kh6 58. b7 e4+ 59. Ke3 Rxg2 60. Qh8+ Kg5 61. Qd8+ Kh5 62. b8=Q Bf2+ 63. Ke2
Ba7+ 64. Kd1 Rg1+ 65. Kc2 Rg2+ 66. Kc3 Bxb8 67. Qxb8 Rg3+ 68. Kd4 Rxh3 69.
Ke5 Rf3 70. Bc4 h3 71. Be2 Kg4 72. Kf6 f4 73. Qb1 h2 74. Kxg6 Kg3 75. Bxf3
Kxf3 76. Qh1+ Kg3 77. Kf5 e3 78. Ke4 e2 79. Qf3+ 1-0

[Event "Airthings Masters - Preliminari"]
[Site "Internet"]
[Date "21.02.2022"]
[Round "14"]
[White "Artemiev, Vladislav"]
[Black "Giri, Anish"]
[Result "1/2-1/2"]
[WhiteElo "2700"]
[BlackElo "2772"]
[EventDate "2022.02.19"]

1. Nf3 d5 2. e3 Nf6 3. c4 e6 4. Nc3 c5 5. d4 Nc6 6. cxd5 Nxd5 7. Bd3 Be7 8.
O-O O-O 9. a3 cxd4 10. exd4 Bf6 11. Be4 Nce7 12. Ne5 Ng6 13. Ng4 Bg5 14.
Nxd5 exd5 15. Bxg6 hxg6 16. Bxg5 Qxg5 17. Ne3 Be6 18. Re1 Rfc8 19. Qd2 Rc7
20. Rac1 Rac8 21. Rxc7 Rxc7 22. Rc1 Rxc1+ 23. Qxc1 Qf4 24. Qc3 g5 25. h3 b6
26. Nf1 g6 27. Qe3 Kg7 28. Qc3 Kh7 29. Ng3 Kg7 30. Nf1 Kh7 31. Ng3 Kg7 32.
Nf1 1/2-1/2